| 000 | 00823nam a2200229Ii 4500 | ||
|---|---|---|---|
| 003 | JO-AjNU | ||
| 008 | 230605s9999||||xx |||||||||||||| ||und|| | ||
| 017 | _a16/3602 | ||
| 020 | _a9960-627-98-5 | ||
| 040 |
_aJO-AjNU _bara _erda _cJO-AjNU |
||
| 041 | _aara | ||
| 050 | 1 | 4 | _aBP144.2.C64.H8582 1998 |
| 100 | 3 |
_aحمود، سامي حسن, _eauthor _927871 |
|
| 245 | 0 | 0 | _aالأدوات التمويلية الإسلامية للشركات المساهمة |
| 250 | _aط2 | ||
| 264 | 3 | 1 | _aجدة: البنك الاسلامي للتنمية، المعده الاسلامي للبحوث والتدريب، 1998 |
| 300 | _a147ص | ||
| 336 |
_atext _btxt _2rdacontent |
||
| 337 |
_aunmediated _bn _2rdamedia |
||
| 338 |
_avolume _bnc _2rdacarrier |
||
| 650 | 4 |
_aالشركات المساهمة- فقه اسلامي _927872 |
|
| 999 |
_aA10742 _c14310 _d14310 |
||